| 000 -LEADER |
| fixed length control field |
02243nam a22002177a 4500 |
| 005 - DATE AND TIME OF LATEST TRANSACTION |
| control field |
20260209142034.0 |
| 008 - FIXED-LENGTH DATA ELEMENTS--GENERAL INFORMATION |
| fixed length control field |
260127b ||||| |||| 00| 0 eng d |
| 040 ## - CATALOGING SOURCE |
| Transcribing agency |
SSBUL |
| 041 ## - LANGUAGE CODE |
| Language code of text/sound track or separate title |
English |
| 082 ## - DEWEY DECIMAL CLASSIFICATION NUMBER |
| Edition number |
23 |
| Item number |
T-48 Ph.D |
| 100 0# - MAIN ENTRY--PERSONAL NAME |
| Personal name |
Yi Yi Win. |
| Numeration |
4 PhD-His_15 |
| 9 (RLIN) |
65760 |
| 245 ## - TITLE STATEMENT |
| Title |
Comparative Study of King Badon and Mindon Achievements / |
| Statement of responsibility, etc. |
Yi Yi Win. |
| 260 ## - PUBLICATION, DISTRIBUTION, ETC. |
| Place of publication, distribution, etc. |
Mandalay : |
| Name of publisher, distributor, etc. |
University of Mandalay, |
| Date of publication, distribution, etc. |
May 2013. |
| 300 ## - PHYSICAL DESCRIPTION |
| Extent |
xxi ,153 p. |
| Other physical details |
includes photographs. |
| Dimensions |
30 cm. |
| 502 ## - DISSERTATION NOTE |
| Dissertation note |
Among the eleven monarchs who ruled the Konbaung Dynasty,King Badon and King Mindon were the two most prominent monarchs.There were many reasons why these two monarchs were more prominent than other Konbaung kings.Among the fundamental factors included their longer reigns and their undertakings in administrative,economic,social and religious sectors for the maintenance of sovereignty of the kingdom.King Badom who was the longest reigning monarch of the Konbaung kings,before ascending the throne,had experience in the administration and he had himself participated in the restoration of the kingdom.Therefore,when he ascended the throne,hewas well aware of the weakness and deficiencies prevailed during the reign of his predecessors and so he maade great reforms.Similarly,King Mindon had to ascend the throne at the time when nearly half of the kingdom had already been occupied by the British.He also knew well the weakness and deficiencies of his kingdom as he dealt with the British who were much superior in administration ,economy and military affairs than his kingdom.Therefore,Kinh Mindon also made great reforms in administration and economy of the kingdom.This disseration makes an attempt to evaluate who was more successful than another one in the efforts for the perpetuation of the sovereignty and development of the Kingdom. |
| Degree type |
Ph.D. |
| Name of granting institution |
University of Mandalay. |
| Year degree granted |
May 2013. |
| 504 ## - BIBLIOGRAPHY, ETC. NOTE |
| Bibliography, etc. note |
Includes bibliography. |
| 505 ## - FORMATTED CONTENTS NOTE |
| Formatted contents note |
Contents<br/>Introduction<br/>Chapters<br/>1.Central Administration <br/>2.Provincial Administration<br/>3.Economy<br/>4.Religion |
| Statement of responsibility |
Yi Yi Win. |
| Title |
Comparative Study of King Badon and Mindon Achievements. |
| 650 ## - SUBJECT ADDED ENTRY--TOPICAL TERM |
| Topical term or geographic name entry element |
Badon, King of Burma |
| General subdivision |
History |
| 9 (RLIN) |
65761 |
|
| Topical term or geographic name entry element |
Mindon, King of Burma |
| General subdivision |
History |
| 9 (RLIN) |
66132 |
| 942 ## - ADDED ENTRY ELEMENTS (KOHA) |
| Source of classification or shelving scheme |
|
| Koha item type |
Reference |